000 00204 a2200097 4500
001 59743
100 _a
245 _a20 Azeem Phalsaphi (Urdu)
260 _aLahore
_bFiction
_c2009
090 _c36618
_d36618
942 _aNUST-CAE
_c
_c29578
999 _c294816
_d294816